=LDR 00000nam 2200000 4500 =001 INLIS000000000024518 =005 20200827084517 =035 ##$$a 0010-061300000024518 =008 200827################g##########0#ind## =041 ##$$a Ind =082 ##$$a 2X9.1 =090 ##$$a 2X9.1, Bag a =100 1#$$a Bagdadi, Muhammad Gharib =245 1#$$a Anaku, itu Nabimu, /$c Muhammad Gharib Bagdadi =260 ##$$a Jakarta :$b Gema Insani Press,$c 1995 =300 ##$$a 134 hlm, ; $c 11 x 18 cm =650 #4$$a Nabi Muhammad SAW =850 ##$$a NBPNMAT =020 ##$$a 979-561-005-8 =084 ##$$a 2X9.1 BAG a =250 ##$$a cet.1 =990 ##$$a 00044516 =990 ##$$a 94.276/pro-96